Using Blockchain Technology in Electromobility

Elektromobilita a blockchain sú dve veľmi sľubné nové inovácie. Zatiaľ čo elektromobilita sa primárne zameriava na udržateľnosť, blockchain sa zameriava na informácie a transparentnosť. Hlavným cieľom tejto práce je opísať základy fungovania blockchainovej technológie a šifrovania údajov a ako by z...

Full description

Saved in:
Bibliographic Details
Main Author: Badura, Peter, 1978-
Other Authors: Kalusová, Lenka, 1987-
Format: Book Chapter
Language:English
Subjects:
Tags: Add Tag
No Tags, Be the first to tag this record!

MARC

LEADER 00000naa a2200000 4500
001 0314521
005 20260126105312.6
041 0 |a eng 
044 |a PL 
245 1 0 |a Using Blockchain Technology in Electromobility  |c Peter Badura, Lenka Kalusová 
520 |a Elektromobilita a blockchain sú dve veľmi sľubné nové inovácie. Zatiaľ čo elektromobilita sa primárne zameriava na udržateľnosť, blockchain sa zameriava na informácie a transparentnosť. Hlavným cieľom tejto práce je opísať základy fungovania blockchainovej technológie a šifrovania údajov a ako by z nej mohol profitovať sektor elektromobility. 
610 2 0 |a elektromobilita 
610 2 0 |a elektromobily 
610 2 0 |a doprava cestná 
610 2 0 |a implementácia 
610 2 0 |a dáta 
610 2 0 |a transparentnosť 
610 2 0 |a blockchain 
100 1 |a Badura, Peter, 1978- 
700 1 |a Kalusová, Lenka, 1987-